| 000 | 00461nam a2200169Ia 4500 | ||
|---|---|---|---|
| 003 | OSt | ||
| 005 | 20251119125356.0 | ||
| 008 | 210210b1955 xxu||||| |||| 00| 0 eng d | ||
| 040 | _cAL | ||
| 041 | _akan | ||
| 082 | _a851/195 | ||
| 100 |
_aNARSIMHASHASTRI (K) _9159555 _dನರಸಿಂಹಶಾಸ್ತ್ರಿ (ಕೆ) |
||
| 245 |
_aSatigite: _bಸತಿಗೀತೆ |
||
| 260 |
_aMaisuru _bUsha Sahitya Male _c1955 |
||
| 906 | _a018213 | ||
| 942 |
_2ddc _cBK |
||
| 999 |
_c141339 _d141339 |
||